00000000nam##2200000za#4500
0019.524168
003CaOODSP
00520210615083027
007ta
008150406|1994||||xxc|||||     f|0| 0 eng|d
020 |a0-660-59632-6
022 |a0706-148X
040 |aCaOODSP|beng
041 |aeng
041 |afre
043 |an-cn---
0861 |aS52-2/229-1994
1101 |aCanada.|bPublic Works and Government Services Canada. |bTranslation Services.
24510|aRADARSAT and microwave remote sensing vocabulary / |c[Prepared by]the Spatial Terminology Standardization Committee.
260 |aOttawa - Ontario : |bPublic Works and Government Services Canada. |c1994.
300 |axiii, 145p. : |c22 cm.
4901 |aTerminology bulletin|x0706-148X|v229
504 |aBibliography.
5203 |aThe language of remote sensing satellite technology draws on a number of well-known modern disciplines and techniques which have been substantially modified for application in outer space. Features 700 universal terms and 350 abbreviations for remote sensing that pertain to RADARSAT and other spacecrafts. This vocabulary was prepared with the expertise of the Canadian Space Agency and Spar Aerospace Limited.
546 |aBilingual
563 |aSoftcover
590 |a95-02|b1995-01-13
69007|aRadar|2gcpds
69007|aTerminology|2gcpds
7760#|tVocabulaire de RADARSAT et de la télédétection hyperfréquence / |w(CaOODSP)9.590564
792 |tVocabulaire de RADARSAT et de la télédétection hyperfréquence / |efre|w(CaOODSP)9.524169
830#0|aTerminology bulletin,|x0706-148X|v229|w(CaOODSP)9.509598